1379 1263 1472 1288 1219 1338 1670 1802 1823 1991 1630 1394 1110 1259 1828 1455 1149 1323 1977 1915 1731 1620 1332 1281 1719 1793 1116 1675 1303 1379 1888 1338 1553 1659 1271 1726 1827 1404 1767 1313 1958 1834 1293 1300 1441 1728 1513 1365 1726 1596 1597 1000 1668 1582 1089 1920 1001 1120 1261 1891 1099 1031 1684 1680 1420 1407 1598 1440 1813 1699 1917 1949 1372 1213 1490 1337 1723 1203 1765 1816 1158 1201 1632 1020 1663 1346 1339 1498 1364 1345 1815 1445 1050 1944 1531 1000 1983 1445 1843 BCNSPRNW ULIB Ver.6.0+V

เปลี่ยนเป็นภาษาไทย

Change to English
 แสดงรายละเอียดบรรณานุกรม
  กลับหน้าหลัก

Brief Record : Get Marc (ISO 2709) : E-mail record : QR code < ปิดหน้าต่าง
LEADER : 00000nam a2200337 a 4500
001    13399114530
003     ULIB
008    120411s||||||||th 000 0 tha d
020    ^a9781605476278
060 04 ^aWY152^bL765
245 00 ^aLippincott s nursing guide to expert elder care.^c[editor by] Margaret Eckman
246 13 ^aNursing guide to expert elder care.
260    ^aPhiladelphia :^bWolters Kluwer Health/Lippincott Williams,^c2011
300    ^aviii, 424 p. :^bill. ;^c23 cm.
500    ^aSend to Single Search
504    ^aIncludes bibliographical references and index.
650  2 ^aGeriatric Nursing^xmethods.
650  2 ^aAged^xphysiology.
650  2 ^aAged^xpsychology.
650  2 ^aNursing Care^xmethods.
710 2  ^aLippincott Williams & Wilkins.
945    ^p0^l0^i031633
995    ^a Kesorn
999 ^a ใช้งานได้ทุกระบบ
รายการนี้ยังไม่มีแท็ก
คุณยังไม่ได้ล็อกอิน คุณสามารถมีกิจกรรมร่วมกับเว็บไซต์ได้ แต่ต้องล็อกอินก่อน ::
  ล็อกอิน

รายการสื่อสารสนเทศ

ลำดับที่ ประเภท เลขเรียก/บาร์โค้ด สถานที่ สถานะ
- ไม่พบข้อมูล -

BibComment


ยังไม่เคยถูกคอมเมนท์

คอมเมนท์ทรัพยากรรายการนี้
  คอมเมนท์: Lippincott s nur..


 Copyright 2026. Bcnsprnw @Library